The New Industrial State/ (Record no. 13153)

MARC details
000 -LEADER
fixed length control field 00932cam a22002771 4500
001 - CONTROL NUMBER
control field 6144555
005 - DATE AND TIME OF LATEST TRANSACTION
control field 20060501105357.0
008 - FIXED-LENGTH DATA ELEMENTS--GENERAL INFORMATION
fixed length control field 830103s1967 enk | b 001 0 eng d
010 ## - LIBRARY OF CONGRESS CONTROL NUMBER
LC control number 67102218
015 ## - NATIONAL BIBLIOGRAPHY NUMBER
National bibliography number B67-17239
035 ## - SYSTEM CONTROL NUMBER
System control number (OCoLC)9096158
040 ## - CATALOGING SOURCE
Original cataloging agency DLC
Transcribing agency CU-L
Modifying agency Uk
-- DLC
043 ## - GEOGRAPHIC AREA CODE
Geographic area code n-us---
050 00 - LIBRARY OF CONGRESS CALL NUMBER
Classification number HC106.5
Item number .G33 1967b
082 ## - DEWEY DECIMAL CLASSIFICATION NUMBER
Classification number 338.0973
Item number GAL
Edition number 22
100 1# - MAIN ENTRY--PERSONAL NAME
Personal name Galbraith, John Kenneth,
Dates associated with a name 1908-2006.
9 (RLIN) 10435
245 14 - TITLE STATEMENT
Title The New Industrial State/
Statement of responsibility, etc John Kenneth Galbraith
260 ## - PUBLICATION, DISTRIBUTION, ETC. (IMPRINT)
Place of publication, distribution, etc London:
Name of publisher, distributor, etc H. Hamilton, 1967
Date of publication, distribution, etc 1967.
300 ## - PHYSICAL DESCRIPTION
Extent 427 p.;
Dimensions 23 cm.
500 ## - GENERAL NOTE
General note Donation
500 ## - GENERAL NOTE
General note Includes index
650 #0 - SUBJECT ADDED ENTRY--TOPICAL TERM
Topical term or geographic name as entry element Industries
Geographic subdivision United States.
9 (RLIN) 10436
650 #0 - SUBJECT ADDED ENTRY--TOPICAL TERM
Topical term or geographic name as entry element Industrial policy
Geographic subdivision United States.
9 (RLIN) 10437
942 ## - ADDED ENTRY ELEMENTS (KOHA)
Source of classification or shelving scheme Dewey Decimal Classification
Item type Book - Borrowing
Holdings
Withdrawn status Item status Source of classification or shelving scheme Damaged status Not for loan Vendor Home library Current library Shelving location Date acquired Source of acquisition Total Checkouts Full call number Barcode Date last seen Koha item type
    Dewey Decimal Classification       Central Library Central Library First floor 18/01/2010 Donation   338.0973 GAL 000019389 15/07/2025 Book - Borrowing